00519nmm a2200181Ia 4500008004100000020001500041041000800056100002400064245003800088264004500126300001700171650002700188700002400215700002400239856005000263942000700313999001700320251105s9999||||xx |||||||||||||||||und|| a8484296342 aspa aRialp Criado, Josep 0aToma de decisiones estratégicas a[Madrid, España] :bUOC Papers, c2002 a18 páginas aEconomics and Business aRialp Criado, Josep1 a Rialp Criado, Alex uhttps://public.digitaliapublishing.com/a/5764 cCF c70487d70487